[Event "Massy op"]
[Site "Massy"]
[Date "2010.06.??"]
[Round "?"]
[White "Mousset Evtouchenko, Nina"]
[Black "Champagne, Pascal"]
[Result "1-0"]
[WhiteElo "1735"]
[BlackElo "1685"]
[PlyCount "109"]
[EventDate "2010.06.??"]
[EventType "swiss"]
[EventRounds "7"]
[EventCountry "FRA"]
[SourceTitle "EXT 2011"]
[Source "ChessBase"]
[SourceDate "2010.11.26"]
[SourceVersion "1"]
[SourceVersionDate "2010.11.26"]
[SourceQuality "1"]

1. e4 g6 2. d4 Bg7 3. c3 d6 4. f4 Nf6 5. e5 dxe5 6. fxe5 Bg4 7. Qb3 Qd5 8. exf6 Qe4+ 9. Ne2 Bxf6 10. Qd1 Bh4+ 11. g3 Bxg3+ 12. hxg3 Qxh1 13. Qa4+ Nd7 14. Bf4 Bxe2 15. Kxe2 Qe4+ 16. Kd2 c6 17. Na3 Qh1 18. Re1 0-0 19. Bd3 Qg2+ 20. Re2 Qf3 21. Rh2 Nb6 22. Qc2 Nd5 23. Be2 Qxf4+ 24. gxf4 Nxf4 25. Bf3 Rad8 26. Qe4 Nd5 27. Qh4 Nf6 28. Nc4 b5 29. Ne3 Rd6 30. Ng4 h5 31. b4 Kg7 32. Ne5 Rc8 33. Qg3 Kf8 34. Qg2 c5 35. bxc5 Rxc5 36. Kc2 Rxd4 37. Nd3 Rcc4 38. Nb2 Rc7 39. Kb3 Rd8 40. Qg5 a6 41. Qh6+ Kg8 42. Rg2 Ng4 43. Bxg4 hxg4 44. Rxg4 Rc5 45. Rh4 Rh5 46. Rxh5 gxh5 47. Qxh5 Rd6 48. Qg4+ Kh7 49. Qe4+ Rg6 50. Qxe7 Kg7 51. Qe5+ Rf6 52. Nd3 Kg6 53. Nf4+ Rxf4 54. Qxf4 f5 55. Kb4 1-0

[Event "Massy 21th op"]
[Site "Massy "]
[Date "2009.06.27"]
[Round "1"]
[White "Champagne, Pascal"]
[Black "Dubessay, Bastien"]
[Result "0-1"]
[WhiteElo "1693"]
[BlackElo "2134"]
[PlyCount "50"]
[EventDate "2009.06.27"]
[EventType "swiss"]
[EventRounds "7"]
[EventCountry "FRA"]
[SourceTitle "EXT 2010"]
[Source "ChessBase"]
[SourceDate "2010.11.25"]
[SourceVersion "1"]
[SourceVersionDate "2010.11.25"]
[SourceQuality "1"]

1. d4 Nf6 2. c4 g6 3. Nc3 d5 4. Nf3 Bg7 5. Bg5 Ne4 6. cxd5 Nxg5 7. Nxg5 e6 8. Nf3 exd5 9. e3 c6 10. a4 a5 11. Bd3 0-0 12. Qc2 Be6 13. h4 Na6 14. Bxa6 bxa6 15. Ne5 Qb6 16. Nd3 Bf5 17. Rb1 Rab8 18. Qd2 h5 19. 0-0 Rfe8 20. b3 Bh6 21. Nd1 Qxd4 22. exd4 Bxd2 23. Rb2 Bxd3 24. Rxd2 Bxf1 25. Kxf1 Rxb3 0-1